| 000 | 01109nam a22002417a 4500 | ||
|---|---|---|---|
| 005 | 20120614170415.0 | ||
| 008 | 081007t xxu||||| |||| 00| 0 mar d | ||
| 010 | _aMAR-22227 | ||
| 020 | _c170.00 | ||
| 035 | _aMR-14885 | ||
| 037 | _bD.B.Act /pub | ||
| 082 | _a891.46301 | ||
| 100 |
_aपांढरीपांडे, विजय _949115 |
||
| 245 |
_aपाऊलखुणा / _cविजय पांढरीपांडे |
||
| 246 |
_aPaulkhuna _bby Vjay Pandaripande |
||
| 260 |
_aपुणे _bनवल प्रकाशन _c2012 |
||
| 270 |
_bपुणे _a87,सुकृती अपार्टमेंट,पर्वती गाव _e411009 |
||
| 300 |
_aसोळ,167पृ _c18सेमी (अजिल्द) |
||
| 650 |
_aमराठी कथासंग्रह _949453 |
||
| 650 |
_aMarathi Short Stories _949454 |
||
| 942 |
_2ddc _cMR _mपांढरी _h891.46301 |
||
| 999 |
_c68118 _d68118 |
||